Polscy Premierzy (III Rzeczypospolita) - Statystyki

Ogólne statystyki
  • Ten quiz został rozwiązany 359 razy
  • Średni wynik to 14 z 18
Statystyki odpowiedzi
Lata Partia Nazwisko Premiera % Poprawnych
2007-2014 PO Tusk
98%
2023- PO Tusk
98%
2017-2023 PIS Morawiecki
97%
2006-2007 PIS Kaczyński
94%
2015-2017 PIS Szydło
92%
2001-2004 SLD Miller
87%
2014-2015 PO Kopacz
85%
1989-1991 KO"S" Mazowiecki
83%
1992 PSL Pawlak
74%
1993-1995 PSL Pawlak
74%
1992-1993 UD Suchocka
67%
2004-2005 SLD Belka
64%
1995-1996 SLD / SdRP Oleksy
63%
1991-1992 PC Olszewski
63%
2005-2006 PIS Marcinkiewicz
61%
1997-2001 AWS / RC AWS Buzek
59%
1996-1997 SLD Cimoszewicz
58%
1991 KLD Bielecki
50%
Nie znaleziono quizów pasujących do podanych kryteriów
Rozkład punktacji
Procent ludzi z każdym wynikiem
Percentyl według liczby udzielonych odpowiedzi
Twoja historia wyników
Nie rozwiązałeś tego quizu